| 000 | 00358nam a22001217a 4500 | ||
|---|---|---|---|
| 082 | _aP-766 | ||
| 100 |
_aMaj Qamar Naseem _951413 |
||
| 245 |
_aForensic Distress Evaluation of Cadets Block PAF Academy Asghar Khan _bSyn # 5 |
||
| 260 |
_aRisalpur, _bMCE, _c2018. |
||
| 526 |
_a0 _b0 _c0 _dP_766 |
||
| 700 |
_a Maj Dr. Muhammad Rizwan _948119 |
||
| 942 |
_2ddc _cBK |
||
| 999 |
_c554103 _d554103 |
||